000 00685cam a2200169 4500
001 ABS60876
008 000000n1999 000 0 eng u
035 _a(Sirsi) u101395
100 _aHelps, D.
245 _aMacob, Outwing - now A&D.
260 _c1999
490 _aBuilding
_v264(8097) 16 July 1999, 60-61(2)
520 _aDiscusses a recent case, A&D Maintenance v Pagehurst Construction, in which the judge gave a summary judgment in favour of A&D, a subcontractor seeking enforcement of an adjudication decision.
650 _aSUBCONTRACTORS
690 _aMANAGEMENT-DISPUTE AVOIDANCE, MANAGEMENT AND RESOLUTION-DISPUTE MANAGEMENT AND RESOLUTION-ARBITRATION
942 _n0
999 _c60539
_d60539